[Event "Ruhrgebiet Regionalliga 0405"]
[Site "Ruhrgebiet"]
[Date "2004.11.14"]
[Round "3.3"]
[White "Schippan, Bernhard"]
[Black "Wuenderlich, Robin"]
[Result "1/2-1/2"]
[WhiteElo "2168"]
[BlackElo "2067"]
[PlyCount "134"]
[EventDate "2004.09.19"]
[EventType "team-tourn"]
[EventRounds "9"]
[EventCountry "GER"]
[SourceTitle "EXT 2006"]
[Source "ChessBase"]
[SourceDate "2005.11.24"]
[SourceVersion "1"]
[SourceVersionDate "2005.11.24"]
[SourceQuality "1"]
[WhiteTeam "Herne Sodingen"]
[BlackTeam "Berghofen Wambel"]
[WhiteTeamCountry "GER"]
[BlackTeamCountry "GER"]

1. e4 c5 2. Nf3 d6 3. d4 cxd4 4. Nxd4 Nf6 5. Nc3 a6 6. Bc4 e6 7. Bb3 b5 8. Bg5 h6 9. Bxf6 Qxf6 10. 0-0 g5 11. Re1 Nd7 12. a4 b4 13. Na2 Bg7 14. Nc6 0-0 15. Qxd6 Ne5 16. Ne7+ Kh7 17. Nxc8 Rfxc8 18. Qd2 a5 19. Qe2 Ng6 20. c3 Nf4 21. Qe3 Bf8 22. e5 Qg7 23. cxb4 axb4 24. Rac1 Rd8 25. Rcd1 Rxd1 26. Rxd1 Rc8 27. Nc1 Qg6 28. Nd3 Nh5 29. a5 Ra8 30. Ra1 Ng7 31. a6 Nf5 32. Qe4 Ra7 33. Nxb4 Bxb4 34. Qxb4 Nh4 35. Qc5 Rxa6 36. Rd1 Kg7 37. Rd8 Ra1+ 38. Bd1 Rxd1+ 39. Rxd1 Qe4 40. Kf1 Qxg2+ 41. Ke2 Ng6 42. b4 Qe4+ 43. Kd2 Nf4 44. Kc3 Qf3+ 45. Kc2 Qa3 46. Qc4 Qa4+ 47. Kd2 Qa3 48. Rb1 Nd5 49. Qd3 Qa7 50. b5 Qa5+ 51. Kc2 Qa2+ 52. Kc1 Qxf2 53. Rb3 Qe1+ 54. Kc2 Nf4 55. Qe3 Qa5 56. Qd4 Ne2 57. Qb4 Qa1 58. b6 Qc1+ 59. Kd3 Nf4+ 60. Ke4 Nd5 61. Qb5 Qc2+ 62. Kd4 Qf2+ 63. Kc4 Qc2+ 64. Kd4 Qf2+ 65. Kc4 Qc2+ 66. Kd4 Qf2+ 67. Kc4 Qc2+ 1/2-1/2

[Event "EU-ch Internet qual"]
[Site "Playchess.com INT"]
[Date "2003.11.08"]
[Round "7"]
[White "Sandhu, Mario"]
[Black "Wuenderlich, Robin"]
[Result "1-0"]
[WhiteElo "2360"]
[BlackElo "2176"]
[PlyCount "147"]
[EventDate "2003.11.08"]
[EventType "swiss (blitz)"]
[EventRounds "15"]
[EventCountry "GER"]
[SourceTitle "EXT 2004"]
[Source "ChessBase"]
[SourceDate "2003.11.25"]
[SourceVersion "1"]
[SourceVersionDate "2003.11.25"]
[SourceQuality "1"]

1. e4 c5 2. Nf3 d6 3. Nc3 g6 4. Bc4 e6 5. d3 Bg7 6. 0-0 Ne7 7. a3 0-0 8. Re1 Nbc6 9. Bg5 h6 10. Be3 b6 11. Qd2 Kh7 12. h3 Ne5 13. Nxe5 dxe5 14. b4 cxb4 15. axb4 a5 16. bxa5 bxa5 17. Reb1 Nc6 18. Bb6 Qe7 19. Qe3 Nd4 20. Ra2 a4 21. Nxa4 Bd7 22. Bc5 Qd8 23. Rba1 Re8 24. c3 Bxa4 25. Rxa4 Rxa4 26. Rxa4 Nc6 27. Qc1 Qb8 28. Ra2 Rc8 29. Qb2 Qxb2 30. Rxb2 Na5 31. Rb5 Nxc4 32. dxc4 Bf8 33. Bxf8 Rxf8 34. Rb7 Kg7 35. Rc7 Rd8 36. g3 Rd3 37. Kg2 Rxc3 38. h4 h5 39. c5 Kf6 40. c6 Kg7 41. Kf1 Rc2 42. Ke1 Kf8 43. Kd1 Rc4 44. f3 Ke8 45. Kd2 Rc5 46. Kd3 Kf8 47. f4 exf4 48. gxf4 f6 49. Kd4 Rc1 50. Rc8+ Ke7 51. c7 Kd7 52. Rf8 Rxc7 53. Rf7+ Kd8 54. Rxf6 Rc1 55. Rxe6 Rh1 56. Rxg6 Rxh4 57. Ke5 Rg4 58. Rh6 Rh4 59. Rh7 Rh1 60. Ke6 h4 61. f5 h3 62. f6 h2 63. e5 Kc8 64. f7 Rf1 65. Rxh2 Kc7 66. Rh6 Ra1 67. f8Q Ra6+ 68. Kd5 Rxh6 69. Qxh6 Kb7 70. Kc5 Kb8 71. Qh7 Ka8 72. e6 Kb8 73. Kc6 Kc8 74. Qc7# 1-0

[Event "EU-ch Internet qual"]
[Site "Playchess.com INT"]
[Date "2003.11.08"]
[Round "8"]
[White "Wuenderlich, Robin"]
[Black "Berg, Olaf"]
[Result "1-0"]
[WhiteElo "2176"]
[BlackElo "2168"]
[PlyCount "61"]
[EventDate "2003.11.08"]
[EventType "swiss (blitz)"]
[EventRounds "15"]
[EventCountry "GER"]
[SourceTitle "EXT 2004"]
[Source "ChessBase"]
[SourceDate "2003.11.25"]
[SourceVersion "1"]
[SourceVersionDate "2003.11.25"]
[SourceQuality "1"]

1. d4 Nf6 2. c4 g6 3. Nc3 Bg7 4. e4 d6 5. Be2 0-0 6. Bg5 Nbd7 7. Qd2 Re8 8. Nf3 c5 9. d5 Ng4 10. 0-0 a6 11. a4 h6 12. Bf4 Kh7 13. h3 Nge5 14. Be3 Nxf3+ 15. Bxf3 Ne5 16. Be2 f5 17. f4 Nd7 18. Bd3 fxe4 19. Nxe4 Nf6 20. Qc2 Rg8 21. Ng5+ hxg5 22. Bxg6+ Kh8 23. fxg5 Nd7 24. Rf4 Bh6 25. Rh4 Kg7 26. gxh6+ Kh8 27. Rf1 Ne5 28. Be4 Bd7 29. h7 Rf8 30. Rhf4 b5 31. Rxf8+ 1-0

[Event "EU-ch Internet qual"]
[Site "Playchess.com INT"]
[Date "2003.11.08"]
[Round "11"]
[White "Wuenderlich, Robin"]
[Black "Kluss, Kai"]
[Result "0-1"]
[WhiteElo "2176"]
[BlackElo "2236"]
[PlyCount "52"]
[EventDate "2003.11.08"]
[EventType "swiss (blitz)"]
[EventRounds "15"]
[EventCountry "GER"]
[SourceTitle "EXT 2004"]
[Source "ChessBase"]
[SourceDate "2003.11.25"]
[SourceVersion "1"]
[SourceVersionDate "2003.11.25"]
[SourceQuality "1"]

1. d4 Nf6 2. c4 e6 3. Nc3 Bb4 4. f3 0-0 5. e4 d5 6. e5 Nfd7 7. Nh3 c5 8. cxd5 exd5 9. Bg5 Qb6 10. a3 cxd4 11. axb4 dxc3 12. bxc3 Nxe5 13. Qxd5 Nbc6 14. 0-0-0 Be6 15. Qc5 Qc7 16. Qd6 Qc8 17. b5 Bb3 18. bxc6 Bxd1 19. Qxe5 Ba4 20. Bd3 Qxc6 21. Bd2 Rfe8 22. Qg3 Rad8 23. Be4 Rxe4 24. fxe4 Qxe4 25. Kb2 Qc2+ 26. Ka1 Bb3 0-1

[Event "EU-ch Internet qual"]
[Site "Playchess.com INT"]
[Date "2003.11.08"]
[Round "14"]
[White "Wuenderlich, Robin"]
[Black "Milov, Vadim"]
[Result "0-1"]
[WhiteElo "2176"]
[BlackElo "2595"]
[PlyCount "74"]
[EventDate "2003.11.08"]
[EventType "swiss (blitz)"]
[EventRounds "15"]
[EventCountry "GER"]
[SourceTitle "EXT 2004"]
[Source "ChessBase"]
[SourceDate "2003.11.25"]
[SourceVersion "1"]
[SourceVersionDate "2003.11.25"]
[SourceQuality "1"]

1. d4 d6 2. c4 c5 3. d5 e6 4. Nf3 Nf6 5. Nc3 g6 6. e4 Bg7 7. Be2 0-0 8. 0-0 exd5 9. exd5 Nbd7 10. Bf4 Ne8 11. Qd2 Ne5 12. Nxe5 dxe5 13. Bh6 Bxh6 14. Qxh6 Nd6 15. f3 f5 16. Rae1 Qf6 17. Bd3 b6 18. Qd2 Bd7 19. a4 a5 20. b3 Rae8 21. Nb5 Bxb5 22. axb5 e4 23. fxe4 Qd4+ 24. Kh1 fxe4 25. Rxf8+ Rxf8 26. Qg5 exd3 27. Qe7 d2 28. Rd1 Ne4 29. Qe6+ Kg7 30. h3 Nf2+ 31. Kh2 Nxd1 32. Qe7+ Rf7 33. Qe2 Ne3 34. Qxe3 Qxe3 35. d6 Rf1 36. d7 Qf4+ 37. g3 Qf2# 0-1

[Event "Dortmund op-A"]
[Site "Dortmund"]
[Date "2001.??.??"]
[Round "11"]
[White "Naiditsch, Irina"]
[Black "Wuenderlich, Robin"]
[Result "1/2-1/2"]
[WhiteElo "2066"]
[BlackElo "2181"]
[PlyCount "120"]
[EventDate "2001.07.12"]
[EventType "swiss"]
[EventRounds "11"]
[EventCountry "GER"]
[SourceTitle "EXT 2002"]
[Source "ChessBase"]
[SourceDate "2001.11.25"]
[SourceVersion "1"]
[SourceVersionDate "2001.11.25"]
[SourceQuality "1"]

1. e4 e6 2. d4 d5 3. Nc3 Bb4 4. exd5 exd5 5. Bd3 Nc6 6. a3 Bxc3+ 7. bxc3 Nge7 8. Rb1 b6 9. Qh5 Be6 10. Nf3 Qd7 11. Ne5 Nxe5 12. Qxe5 f6 13. Qg3 0-0 14. 0-0 Bf5 15. c4 Bxd3 16. Qxd3 c6 17. Bf4 Rfe8 18. c3 Qf5 19. Qxf5 Nxf5 20. cxd5 cxd5 21. Rb5 Red8 22. Re1 Kf7 23. a4 Rac8 24. g4 Nh4 25. Re3 Rd7 26. Bg3 Ng6 27. a5 Rc6 28. axb6 Rxb6 29. Rxb6 axb6 30. Re1 Rb7 31. Bd6 Rd7 32. Bg3 Ne7 33. Rb1 Rb7 34. Rb5 Ke6 35. Kf1 g6 36. Ke2 Nc6 37. Kd3 Na5 38. Rb1 Kd7 39. Bh4 g5 40. Bg3 Nc4 41. Ra1 Na5 42. Rb1 Ke6 43. Re1+ Kf7 44. Rb1 Nc4 45. Ra1 Na5 46. Rb1 Kg6 47. Rb5 Rd7 48. Rxb6 Nc4 49. Rc6 Ra7 50. Rc5 Rd7 51. f4 gxf4 52. Bxf4 Nb2+ 53. Kc2 Nc4 54. Kd3 Nb2+ 55. Ke3 h5 56. gxh5+ Kxh5 57. Rc6 Kg6 58. Kf3 Kf5 59. Rd6 Rxd6 60. Bxd6 Na4 1/2-1/2

[Event "Dortmund op-A"]
[Site "Dortmund"]
[Date "2001.??.??"]
[Round "6"]
[White "Wuenderlich, Robin"]
[Black "Philippe, Denis"]
[Result "1/2-1/2"]
[WhiteElo "2181"]
[BlackElo "2070"]
[PlyCount "47"]
[EventDate "2001.07.12"]
[EventType "swiss"]
[EventRounds "11"]
[EventCountry "GER"]
[SourceTitle "EXT 2002"]
[Source "ChessBase"]
[SourceDate "2001.11.25"]
[SourceVersion "1"]
[SourceVersionDate "2001.11.25"]
[SourceQuality "1"]

1. d4 d5 2. c4 c6 3. Nf3 Nf6 4. Qb3 e6 5. g3 Nbd7 6. Bg2 Be7 7. 0-0 0-0 8. Nc3 b6 9. cxd5 exd5 10. Bf4 Bb7 11. Ne5 Nxe5 12. Bxe5 Qd7 13. Rad1 Qf5 14. a4 Ba6 15. Qa2 Bb4 16. f3 Bc4 17. b3 Ba6 18. Rfe1 Nd7 19. Bf4 g5 20. Bd2 h6 21. e3 Bd6 22. Qa1 Rfe8 23. Bc1 Bf8 24. Ne2 1/2-1/2

[Event "Ruhrgebiet VL2 0001"]
[Site "Ruhrgebiet"]
[Date "2000.09.17"]
[Round "1"]
[White "Henneberger, Sven"]
[Black "Wuenderlich, Robin"]
[Result "1-0"]
[WhiteElo "2101"]
[BlackElo "2114"]
[PlyCount "67"]
[EventDate "2000.09.17"]
[EventType "team-tourn"]
[EventRounds "9"]
[EventCountry "GER"]
[SourceTitle "EXT 2023"]
[Source "ChessBase"]
[SourceDate "2022.10.05"]
[SourceVersion "1"]
[SourceVersionDate "2022.10.05"]
[SourceQuality "1"]
[WhiteTeam "Hoentrop SG"]
[BlackTeam "Berghofen Wambel"]
[WhiteTeamCountry "GER"]
[BlackTeamCountry "GER"]

1. e4 c5 2. Nf3 d6 3. d4 cxd4 4. Nxd4 Nf6 5. Nc3 a6 6. f4 Nbd7 7. a4 e6 8. Bd3 Qb6 9. Nf3 Be7 10. Qe2 Qc7 11. 0-0 b6 12. Kh1 Bb7 13. Be3 0-0 14. Bg1 e5 15. fxe5 Nxe5 16. Qf2 Bd8 17. Nxe5 dxe5 18. Qe2 Bc8 19. Nd5 Nxd5 20. exd5 f5 21. c4 Be7 22. a5 e4 23. Bxe4 fxe4 24. Qxe4 Rb8 25. axb6 Qd8 26. c5 Bf6 27. Qc4 Re8 28. c6 Rxb6 29. Bxb6 Qxb6 30. d6+ Be6 31. d7 Re7 32. Qxa6 Qd8 33. Qa8 Rf7 34. Rxf6 1-0

[Event "Dortmund op-A"]
[Site "Dortmund"]
[Date "1999.07.18"]
[Round "10"]
[White "Freudenberg, Jan"]
[Black "Wuenderlich, Robin"]
[Result "1-0"]
[WhiteElo "2105"]
[BlackElo "2220"]
[PlyCount "99"]
[EventDate "1999.07.??"]
[EventType "swiss"]
[EventRounds "10"]
[EventCountry "GER"]
[SourceTitle "EXT 2002"]
[Source "ChessBase"]
[SourceDate "2001.11.25"]
[SourceVersion "1"]
[SourceVersionDate "2001.11.25"]
[SourceQuality "1"]

1. e4 e6 2. d4 d5 3. Nd2 Nf6 4. e5 Nfd7 5. Bd3 c5 6. c3 Nc6 7. Ne2 Qb6 8. Nf3 cxd4 9. cxd4 f6 10. exf6 Nxf6 11. 0-0 Bd6 12. Nc3 0-0 13. Be3 Bd7 14. a3 Rae8 15. Qc2 Re7 16. Rad1 Be8 17. Ne5 Kh8 18. Be2 Qd8 19. f4 Bh5 20. Bf2 Bxe2 21. Qxe2 Qe8 22. Bh4 a6 23. Rd3 Rc7 24. Nxc6 bxc6 25. Re3 Qd7 26. Qxa6 Rb7 27. Re2 Rfb8 28. Bxf6 gxf6 29. Nd1 Rb3 30. Rc2 R8b6 31. Qe2 Bf8 32. Re1 c5 33. dxc5 Rc6 34. Kh1 Bg7 35. Nf2 e5 36. Nd3 e4 37. Nb4 Rc8 38. c6 Qe6 39. c7 f5 40. Rec1 h6 41. Rc6 Qd7 42. Qb5 Rxc7 43. Qb8+ Kh7 44. Rxc7 Qe6 45. Qb7 Qg6 46. Rxg7+ Qxg7 47. Rc7 Rxb2 48. Rxg7+ Kh8 49. Rh7+ Kg8 50. Qg7# 1-0

[Event "Ruhrgebiet-ch"]
[Site "Germany"]
[Date "1999.06.05"]
[Round "3"]
[White "Wuenderlich, Robin"]
[Black "Schreck, Roland"]
[Result "1-0"]
[WhiteElo "2232"]
[BlackElo "2125"]
[PlyCount "67"]
[EventDate "1999.??.??"]
[EventType "swiss"]
[EventRounds "7"]
[EventCountry "GER"]
[SourceTitle "EXT 2002"]
[Source "ChessBase"]
[SourceDate "2001.11.25"]
[SourceVersion "1"]
[SourceVersionDate "2001.11.25"]
[SourceQuality "1"]

1. d4 c5 2. d5 d6 3. c4 f5 4. g3 Nf6 5. Nc3 g6 6. Bg2 Bg7 7. Nh3 Nbd7 8. f4 Rb8 9. 0-0 Nb6 10. Qd3 Ne4 11. Nf2 Nxc3 12. bxc3 e5 13. e4 0-0 14. Bd2 Qe8 15. Nd1 fxe4 16. Bxe4 Bh3 17. Re1 Qa4 18. fxe5 Nxc4 19. Bf4 Nxe5 20. Bxe5 Bxe5 21. Nf2 Bf5 22. Bxf5 Rxf5 23. Re4 Qa6 24. Qd2 Rbf8 25. Nd3 Bg7 26. Nf4 g5 27. Ne2 b5 28. g4 R5f6 29. Ng3 Rf4 30. Rae1 Be5 31. Nh5 Rf2 32. Qxg5+ Kh8 33. Rxe5 Rf1+ 34. Rxf1 1-0

[Event "Ruhrgebiet VK2 9899"]
[Site "Ruhrgebiet"]
[Date "1998.12.20"]
[Round "4"]
[White "Hermanowski, Mark"]
[Black "Wuenderlich, Robin"]
[Result "1-0"]
[WhiteElo "2035"]
[BlackElo "2232"]
[PlyCount "57"]
[EventDate "1998.??.??"]
[EventType "team-tourn"]
[EventRounds "9"]
[EventCountry "GER"]
[SourceTitle "EXT 2002"]
[Source "ChessBase"]
[SourceDate "2001.11.25"]
[SourceVersion "1"]
[SourceVersionDate "2001.11.25"]
[SourceQuality "1"]

1. f4 d5 2. b3 Bg4 3. Bb2 Nc6 4. Nf3 Bxf3 5. exf3 e6 6. Nc3 Nh6 7. Bd3 Bc5 8. Na4 Bd4 9. c3 Bf6 10. Nc5 Qe7 11. Ba3 0-0-0 12. Qc1 Qe8 13. 0-0 g5 14. fxg5 Bxg5 15. f4 Be7 16. b4 Qf8 17. Qc2 Bxc5+ 18. bxc5 Ng4 19. Rab1 Qg7 20. Qb3 Kd7 21. Rfe1 Rb8 22. Bf5 Nf6 23. Bh3 Rhg8 24. c4 d4 25. Qf3 h5 26. Rb3 Ng4 27. Reb1 Qg6 28. Rd3 Ne3 29. Qxe3 1-0